Most Populous Brooklyn Neighborhoods - Statistics

General Stats
  • This quiz has been taken 69 times
  • The average score is 11 of 20
Answer Stats
Population Neighborhood % Correct
157,530 Bedford-Stuyvesant
80%
105,804 Flatbush
80%
129,239 Bushwick
78%
79,371 Bay Ridge
76%
83,693 Canarsie
74%
91,958 East New York
74%
65,047 Park Slope
69%
58,300 Brownsville
67%
151,705 Bensonhurst
65%
85,886 Crown Heights
65%
126,000 Sunset Park
63%
52,835 Midwood
59%
35,547 Brighton Beach
57%
42,419 Dyker Heights
52%
106,357 Borough Park
48%
34,791 Clinton Hill
37%
36,891 Kensington
37%
45,231 Marine Park
28%
45,231 Bergen Beach
17%
99,287 Prospect Lefferts Gardens
17%
No matching quizzes found
Score Distribution
Percent of People with Each Score
Percentile by Number Answered
Your Score History
You have not taken this quiz